Spanish color words - Statistics

General Stats
  • This quiz has been taken 73 times
  • The average score is 10 of 10
Answer Stats
Hint Answer % Correct
Negro Black
100%
Azul Blue
100%
Verde Green
100%
Rojo Red
100%
Naranja/Anaranjado Orange
98%
Rosa/Rosado Pink
98%
Blanco White
98%
Marrón/Café Brown
97%
Morado/Violeta Purple
97%
Amarillo Yellow
97%
No matching quizzes found
Score Distribution
Percent of People with Each Score
Percentile by Number Answered
Your Score History
You have not taken this quiz